| 000 | 00000nam 2200000za 4500 |
| 001 | 9.816752 |
| 003 | CaOODSP |
| 005 | 20221107142322 |
| 007 | cr ||||||||||| |
| 008 | 160503s1991 xxc|||||o f|0| 0 eng d |
| 040 | |aCaOODSP|beng |
| 043 | |an-cn--- |
| 086 | 1 |aH46-2/91-151E-PDF |
| 110 | 1 |aCanada.|bHealth and Welfare Canada. |bEnvironmental Health Directorate. |
| 245 | 10|aRadiation protection in veterinary medicine |h[electronic resource] : |brecommended safety procedures for installation and use of veterinary X-ray equipment. Safety code 28. |
| 260 | |a[Ottawa] : |bHealth and Welfare Canada, |cc1991. |
| 300 | |a38 p. : |btables. |
| 504 | |aIncludes bibliographical references. |
| 690 | 07|aVeterinary medicine|2gcpds |
| 690 | 07|aSafety measures|2gcpds |
| 776 | 0#|tSafety code 28: Radiation protection in veterinary medicine: recommended safety procedures for installation and use of veterinary X-ray equipment |w(CaOODSP)9.644428 |
| 856 | 40|qPDF|s158 KB|uhttps://publications.gc.ca/collections/collection_2016/sc-hc/H46-2-91-151-eng.pdf |
| 986 | |aEHD-TR-151 |